Mari bicara, mari selesaikan masalah

Bibliographic Details
Main Author: Madhi, Jamal
Format: Book
Published: KL : SynergyMedia , [s.n]
Series:Siri inspirasi Islam
Subjects:

MARC

LEADER 00000cam a2200000 7i4500
001 0000039837
005 20140109.0
008 140109
020 |a 9673715572 
090 0 0 |a 297.577   |b MAD 
100 1 |a Madhi, Jamal 
245 1 0 |a Mari bicara, mari selesaikan masalah   |c Jamal Madhi 
260 |a KL :   |b SynergyMedia ,   |c [s.n] 
440 |a Siri inspirasi Islam 
650 0 |a Husband and wife 
650 0 |a Husband and wife   |x Conduct of life 
650 0 |a Marriage religious   |z Aspect Islam 
999 |a 0001262072   |b Book   |c Adult Collection   |e Perbadanan Perpustakaan Awam Johor